Желтый свитер Пикассо: роман

Bibliografiske detaljer
Hovedforfatter: Брикер М. Мария
Summary:Француженка русского происхождения Елизавета Павловна сильно переживала за свою племянницу Мишель: познакомилась по Интернету с художником, представившимся «Пикассо», и теперь летит к нему в Москву! Хорошо, что старый друг режиссер Варламов согласился помочь: попросил своего знакомого Клима встретиться с Мишель под видом художника и внушить к себе отвращение. Но капризной француженке мерзкий тип очень даже понравился! Никто из них еще не знал, что в Москве действует странный художник-убийца: выбирает жертв-натурщиц, чем-то похожих на любовниц настоящего Пабло Пикассо...
Sprog:russisk
Udgivet: Москва, Эксмо, 2007
Serier:Reality detective
Fag:
Format: MixedMaterials Bog
KOHA link:https://koha.lib.tpu.ru/cgi-bin/koha/opac-detail.pl?biblionumber=114062

MARC

LEADER 00000nam0a2200000 4500
001 114062
005 20231031122135.0
010 |a 5699183965 
035 |a (RuTPU)RU\TPU\book\123349 
090 |a 114062 
100 |a 20070419d2007 m y0rusy50 ca 
101 0 |a rus 
102 |a RU 
105 |a y z 000ay 
200 1 |a Желтый свитер Пикассо  |e роман  |f М. Брикер 
210 |a Москва  |c Эксмо  |d 2007 
215 |a 349 с. 
225 1 |a Reality detective 
330 |a Француженка русского происхождения Елизавета Павловна сильно переживала за свою племянницу Мишель: познакомилась по Интернету с художником, представившимся «Пикассо», и теперь летит к нему в Москву! Хорошо, что старый друг режиссер Варламов согласился помочь: попросил своего знакомого Клима встретиться с Мишель под видом художника и внушить к себе отвращение. Но капризной француженке мерзкий тип очень даже понравился! Никто из них еще не знал, что в Москве действует странный художник-убийца: выбирает жертв-натурщиц, чем-то похожих на любовниц настоящего Пабло Пикассо... 
610 1 |a русская литература 
610 1 |a романы 
610 1 |a детективы 
675 |a Р2  |v 3 
700 1 |a Брикер  |b М.  |g Мария 
801 1 |a RU  |b 63413507  |c 20070419  |g PSBO 
801 2 |a RU  |b 63413507  |c 20070424  |g PSBO 
942 |c BK